Life in Sundarbans : (Record no. 72149)

MARC details
000 -LEADER
fixed length control field 00937nam a22002417a 4500
005 - DATE AND TIME OF LATEST TRANSACTION
control field 2012121304124.0
008 - FIXED-LENGTH DATA ELEMENTS--GENERAL INFORMATION
fixed length control field 121213t xxu||||| |||| 00| 0 eng d
010 ## - LCCN (DPL NO)
LC control number ENG-106435
020 ## - INTERNATIONAL STANDARD BOOK NUMBER
International Standard Book Number 9788183244039
Terms of availability 895.00
035 ## - SYSTEM CONTROL NUMBER
System control number EN-89968
037 ## - SOURCE OF ACQUISITION
Source of stock number/acquisition DBAD/PUB
040 ## - CATALOGING SOURCE
Original cataloging agency DPL
Language of cataloging Eng
082 ## - DEWEY DECIMAL CLASSIFICATION NUMBER
Classification number 307.720954
100 ## - MAIN ENTRY--PERSONAL NAME
9 (RLIN) 54274
Personal name Das, Samares Kumar
245 ## - TITLE STATEMENT
Title Life in Sundarbans :
Statement of responsibility, etc by Samares Kumar Das [and] Hema Tripathi
Remainder of title a participatory rural appraisal /
260 ## - PUBLICATION, DISTRIBUTION, ETC. (IMPRINT)
Place of publication, distribution, etc New Delhi
Name of publisher, distributor, etc Mittal Publications
Date of publication, distribution, etc 2012
270 ## - ADDRESS
Address 4594/9 Daryaganj
City New Delhi
Postal code 110002
300 ## - PHYSICAL DESCRIPTION
Extent xxxvii,202p. :
Dimensions 23cm(Hb)
Other physical details col. photos
500 ## - GENERAL NOTE
General note Includes bibliographical references and index
700 ## - ADDED ENTRY--PERSONAL NAME
Personal name Tripathi, Hema
9 (RLIN) 54301
942 ## - ADDED ENTRY ELEMENTS (KOHA)
Source of classification or shelving scheme Dewey Decimal Classification
Item type English Books
Classification part 307.720954
Call number suffix DAS
Holdings
Withdrawn status Lost status Source of classification or shelving scheme Damaged status Not for loan Collection code Home library Current library Date acquired Source of acquisition Cost, normal purchase price Total Checkouts Full call number Barcode Date last seen Copy number Cost, replacement price Koha item type
    Dewey Decimal Classification   Not For Loan Non-fiction D.B.Act.Division D.B.Act.Division 13/12/2012 DBAD/PUB 895.00   307.720954 DAS EN-89968 13/12/2012 1 895.00 English Books

© Delhi Public Library
Hit Counter
free hit counter